000 00703nam a2200241Ia 4500
003 OSt
005 20221005122346.0
006 a|||||r|||| 00| 0
007 ta
008 221004b |||||||| |||| 00| 0 eng d
024 _a67361
037 _cTextual
040 _aCRL
_cCRL
_beng
041 _2eng
_aeng
082 _aV42:1:N6, K8
110 _aJapan, Government of..... Foreign Affairs (Ministry of...)
_9631844
245 0 _aJapan in transition
_b One hundred years of modernization
260 _c1968
650 _aHISTORY
700 _aJapan, Government of..... Foreign Affairs (Ministry of...)
_9631845
942 _hV42:1:N6, K8
_cTEXL
_2cc
999 _c1044033
_d1044033